00684nam a2200181 a 450000100100000000500170001000800410002704000250006810000460009324500820013926000290022130000350025050000420028550400270032759000260035495201050038099900170048500004805420201002060906.0181109s2004 dr ac 000 0 spa d aDO-SdBNPbspacBNPHU1 aLeón, Ángel María de,d1947-97556010a¡50 aniversario de la guerra de abril de 1965! /cÁngel María De León. a[s.l. :b[s.n.,c[s.f.]. a77 p. :bil., retrs. ;c21 cm. aIncluye datos biográficos del autor aBibliografía : p. 77 aInventariado, 2018/LP 0010718PDaPDbPDcHDd2018-11-09iLF1l0o p48054-10r2020-06-25w2020-06-25yLFPDZNo se presta c47542d47542